Index velkoobchodních cen průmyslu časové řady 1981-1990

Uložené v:
Podrobná bibliografia
Médium: Kniha
Jazyk:Czech
Vydavateľské údaje: Praha Federální statistický úřad 1991
Tagy: Pridať tag
Žiadne tagy, Buďte prvý, kto otaguje tento záznam!

MARC

LEADER 00000nam a2200000 4500
001 c022257
005 20250828103535.2
041 0 |a cze 
044 |a CZ 
245 1 0 |a Index velkoobchodních cen průmyslu časové řady 1981-1990 
264 1 |a Praha  |b Federální statistický úřad  |c 1991 
300 |a 55 s.